Języki z największą ilością artykułów na Wikipedii - Statystyki

Ogólne statystyki
  • Ten quiz został rozwiązany 46 razy
  • Średni wynik to 13 z 18
Statystyki odpowiedzi
Pozycja Język Liczba artykułów % Poprawnych
1 angielski 6 752 821
100%
8 hiszpański 1 910 616
100%
11 polski 1 591 741
100%
5 francuski 2 572 767
98%
13 chiński 1 389 936
95%
18 portugalski 1 114 136
95%
7 rosyjski 1 949 948
95%
9 włoski 1 837 656
95%
3 niemiecki 2 857 760
93%
12 japoński 1 394 852
91%
14 ukraiński 1 299 215
84%
17 arabski 1 222 888
82%
4 szwedzki 2 576 205
70%
6 niderlandzki 2 140 771
68%
15 wietnamski 1 289 332
23%
10 arabski egipski 1 620 812
9%
2 cebuański 6 122 125
2%
16 warajski 1 266 331
0%
Nie znaleziono quizów pasujących do podanych kryteriów
Rozkład punktacji
Procent ludzi z każdym wynikiem
Percentyl według liczby udzielonych odpowiedzi
Twoja historia wyników
Nie rozwiązałeś tego quizu